| 000 | 00895nam a2200241Ia 4500 | ||
|---|---|---|---|
| 003 | GCL | ||
| 008 | 140319s9999 xx 000 0 ara d | ||
| 020 | _a2104509953 | ||
| 040 |
_aGCL / _cGCL |
||
| 082 | 0 | 4 |
_a320 _bل ع |
| 100 | 1 | _aلتشنر،فرانك جى | |
| 245 | 1 | 0 |
_aالعولمة الطوفان ام الانقاذ؟ : _bالجوانب الثقافية والسياسية والاقتصادية / _cلتشنر،فرانك جى |
| 250 | _aالاولى | ||
| 260 |
_aبيروت : _bمركز دراسات الوحدة العربية ، _c2004 |
||
| 300 |
_a734ص ؛ _c24 سم |
||
| 650 | 0 | 4 | _aالجوانب السياسية |
| 650 | 0 | 4 | _aالامبريالية |
| 650 | 0 | 4 | _aالعولمة |
| 650 | 0 | 4 | _aالعولمة - الجوانب الاقتصادية |
| 650 | 0 | 4 | _aحقوق الانسان - تقارير |
| 650 | 0 | 4 | _aالجوانب الثقافية |
| 942 |
_2ddc _cBK |
||
| 999 |
_c7848 _d7848 |
||